Hydraulika podzemnej vody

Guardado en:
Detalles Bibliográficos
Autores principales: Kamenský, Jozef, 1941- (Autor), Šoltész, Andrej, 1957- (Autor), Baroková, Dana, 1963- (Autor)
Otros Autores: Gomboš, Milan, 1958- (Revisador), Burger, František 1958- (Revisador)
Formato: Libro
Lenguaje:eslovaco
Publicado: Bratislava : Slovenská technická univerzita v Bratislave, 2016
Edición:2. dopl. a preprac. vyd.
Colección:Edícia skrípt
Materias:
Etiquetas: Agregar Etiqueta
Sin Etiquetas, Sea el primero en etiquetar este registro!

MARC

LEADER 00000nam a22000003a 4500
001 0021755
003 SK-STU
005 20220221133517.2
007 ta
008 170203s ----xo-----e------000-0-----d
020 |a 978-80-227-4657-1 
040 |a STU  |b slo 
041 0 |a slo  |h slo 
044 |a xo 
100 1 |a Kamenský, Jozef,  |d 1941-  |9 34  |4 aut  |X 839  |7 A000000839 
242 0 1 |a Groundwater hydraulics  |y eng 
245 1 0 |a Hydraulika podzemnej vody 
250 |a 2. dopl. a preprac. vyd. 
260 |a Bratislava :  |b Slovenská technická univerzita v Bratislave,  |c 2016 
300 |a 156 s. 
490 0 |a Edícia skrípt 
650 0 7 |a hydraulika 
650 0 7 |a podzemná voda 
650 0 7 |a prúdenie podzemnej vody 
700 1 |a Šoltész, Andrej,  |d 1957-  |u 010170  |r Z1  |9 33  |4 aut  |U SvF Stavebná fakulta  |T SvF Katedra hydrotechniky  |X 645  |U V170  |Y 17  |7 A000000645 
700 1 |a Baroková, Dana,  |d 1963-  |u 010170  |r Z1  |9 33  |4 aut  |U SvF Stavebná fakulta  |T SvF Katedra hydrotechniky  |X 2742  |U V170  |Y 17  |7 A000002742 
700 1 |a Gomboš, Milan,  |d 1958-  |4 rev  |X 44317  |7 A000044317 
700 1 |a Burger, František  |d 1958-  |4 rev 
996 |b 284V040197  |c V* 43475/S-17  |l VVT  |s A  |a 24  |w 0021755_0001 
996 |b 284V040198  |c V* 43476/S-17  |l VVS  |s A  |a 24  |w 0021755_0002 
996 |b 284V040199  |c V* 43477/S-17  |l VVS  |s A  |a 24  |w 0021755_0003 
996 |b 284V040333  |c V* 43598/S-17  |l VVS  |s A  |a 24  |w 0021755_0004 
996 |b 284V040334  |c V* 43599/S-17  |l VVS  |s A  |a 24  |w 0021755_0005 
996 |b 284V040335  |c V* 43600/S-17  |l VVS  |s A  |a 24  |w 0021755_0006 
996 |b 284V040336  |c V* 43601/S-17  |l VVS  |s A  |a 24  |w 0021755_0007 
996 |b 284V040337  |c V* 43602/S-17  |l VVS  |s A  |a 24  |w 0021755_0008 
996 |b 284V040338  |c V* 43603/S-17  |l VVS  |s A  |a 24  |w 0021755_0009 
996 |b 284V040339  |c V* 43604/S-17  |l VVS  |s A  |a 24  |w 0021755_0010